[Event "Uxbridge e2e4 op"]
[Site "Denham"]
[Date "2011.03.19"]
[Round "3"]
[White "Tserendorj, Sainbayar"]
[Black "Longson, Alexander"]
[Result "0-1"]
[WhiteElo "1942"]
[BlackElo "2231"]
[PlyCount "100"]
[EventDate "2011.03.18"]
[EventType "swiss"]
[EventRounds "5"]
[EventCountry "ENG"]
[SourceTitle "CBM 141 Extra"]
[Source "ChessBase"]
[SourceDate "2011.05.03"]
[SourceVersion "1"]
[SourceVersionDate "2011.05.03"]
[SourceQuality "1"]

1. c4 e6 2. Nf3 d5 3. d4 Nf6 4. g3 Bb4+ 5. Bd2 Be7 6. Bg2 c6 7. 0-0 0-0 8. Bg5 Nbd7 9. Nbd2 b6 10. Ne5 Nxe5 11. dxe5 Nd7 12. Bxe7 Qxe7 13. cxd5 exd5 14. f4 Bb7 15. Rc1 f6 16. exf6 Nxf6 17. Bf3 c5 18. Qb3 Kh8 19. e3 Rad8 20. Rfe1 Rfe8 21. h3 Rd6 22. g4 h6 23. Bg2 Re6 24. Nf1 d4 25. Bxb7 Qxb7 26. Rxc5 Qf3 27. Rc2 dxe3 28. f5 Re4 29. Rg2 Qxh3 30. Rg3 Rxg4 31. Rexe3 Rxe3 32. Qxe3 Ne4 33. Qxe4 Qxf1+ 34. Kxf1 Rxe4 35. Rf3 Kg8 36. Kf2 Kf7 37. Kg3 Kf6 38. Rd3 Kxf5 39. Rd7 g5 40. Rf7+ Kg6 41. Rxa7 h5 42. Rc7 h4+ 43. Kf3 Rf4+ 44. Kg2 Kh5 45. Rb7 Rb4 46. b3 Kg4 47. Rc7 Rd4 48. Rc4 Rxc4 49. bxc4 Kf5 50. a4 Ke6 0-1

[Event "Uxbridge Morphy"]
[Site "Uxbridge"]
[Date "2010.02.16"]
[Round "7"]
[White "McNab, Colin Anderson"]
[Black "Tserendorj, Sainbayar"]
[Result "1-0"]
[WhiteElo "2475"]
[BlackElo "2019"]
[PlyCount "83"]
[EventDate "2010.02.13"]
[EventType "tourn"]
[EventRounds "9"]
[EventCountry "ENG"]
[EventCategory "2"]
[SourceTitle "CBM 135 Extra"]
[Source "ChessBase"]
[SourceDate "2010.05.04"]
[SourceVersion "1"]
[SourceVersionDate "2010.05.04"]
[SourceQuality "1"]

1. c4 Nf6 2. Nf3 c6 3. g3 d5 4. b3 Bg4 5. Bg2 e6 6. 0-0 Be7 7. Bb2 0-0 8. d3 Bxf3 9. Bxf3 Nbd7 10. Qc2 Re8 11. Nc3 Ne5 12. Bg2 Ng6 13. Rad1 h5 14. d4 h4 15. e4 dxe4 16. Nxe4 Nh7 17. Nc5 Qc8 18. Rfe1 Ngf8 19. Ne4 f5 20. Nc5 Bf6 21. Nd3 Qc7 22. Qe2 hxg3 23. hxg3 Rad8 24. Ne5 Nd7 25. f4 Nxe5 26. fxe5 Be7 27. Kf2 Bb4 28. Rh1 Qf7 29. Bc1 Be7 30. Be3 Ng5 31. Bf4 Qg6 32. Ke3 Kf7 33. g4 Ne4 34. gxf5 exf5 35. Bxe4 fxe4 36. Rdg1 Qf5 37. Rh5 g5 38. Bxg5 Qf3+ 39. Qxf3+ exf3 40. Rh7+ Ke6 41. Bxe7 Rxe7 42. Rg6+ 1-0

[Event "Uxbridge Morphy"]
[Site "Uxbridge"]
[Date "2010.02.16"]
[Round "6"]
[White "Tserendorj, Sainbayar"]
[Black "Arkell, Keith C"]
[Result "0-1"]
[WhiteElo "2019"]
[BlackElo "2462"]
[PlyCount "72"]
[EventDate "2010.02.13"]
[EventType "tourn"]
[EventRounds "9"]
[EventCountry "ENG"]
[EventCategory "2"]
[SourceTitle "CBM 135 Extra"]
[Source "ChessBase"]
[SourceDate "2010.05.04"]
[SourceVersion "1"]
[SourceVersionDate "2010.05.04"]
[SourceQuality "1"]

1. c4 c5 2. Nc3 Nc6 3. Nf3 g6 4. e3 Nf6 5. g3 Bg7 6. Bg2 0-0 7. 0-0 d6 8. d3 Rb8 9. Ne1 Bg4 10. f3 Bd7 11. h3 a6 12. Rb1 b5 13. Kh2 bxc4 14. dxc4 Ne5 15. Qe2 Bf5 16. e4 Be6 17. Nd5 Nxd5 18. cxd5 Bd7 19. Qc2 Bb5 20. Rh1 a5 21. f4 Nd7 22. b3 e6 23. Bb2 Bxb2 24. Rxb2 exd5 25. exd5 Re8 26. Qf2 Nf6 27. Rd2 a4 28. bxa4 Bxa4 29. f5 g5 30. Nc2 Bxc2 31. Rxc2 Nd7 32. Qd2 h6 33. h4 Ne5 34. hxg5 Qxg5 35. Qxg5+ hxg5 36. Rf1 Ng4+ 0-1

[Event "Uxbridge Morphy"]
[Site "Uxbridge"]
[Date "2010.02.14"]
[Round "3"]
[White "Tserendorj, Sainbayar"]
[Black "Brown, Thomas"]
[Result "0-1"]
[WhiteElo "2019"]
[BlackElo "2064"]
[PlyCount "106"]
[EventDate "2010.02.13"]
[EventType "tourn"]
[EventRounds "9"]
[EventCountry "ENG"]
[EventCategory "2"]
[SourceTitle "CBM 135 Extra"]
[Source "ChessBase"]
[SourceDate "2010.05.04"]
[SourceVersion "1"]
[SourceVersionDate "2010.05.04"]
[SourceQuality "1"]

1. c4 Nf6 2. g3 g6 3. Bg2 Bg7 4. Nf3 0-0 5. 0-0 d6 6. Nc3 c6 7. d3 Qa5 8. h3 d5 9. cxd5 cxd5 10. a3 Nc6 11. d4 Ne4 12. Bd2 Qd8 13. e3 f5 14. Qb3 e6 15. Rfd1 g5 16. Ne2 Qe8 17. Nh2 Bd7 18. Bc3 Rb8 19. Rac1 Ne7 20. Qa2 Ng6 21. Bf3 Qf7 22. Bb4 Rfc8 23. Be1 Bc6 24. b3 f4 25. Bg4 fxe3 26. fxe3 Bf8 27. Nc3 Bd6 28. Qg2 Ne7 29. Nxe4 dxe4 30. Bb4 Bxb4 31. axb4 h5 32. Rf1 Qg6 33. Bd1 Nd5 34. Qe2 Nxb4 35. Qxh5 Qxh5 36. Bxh5 Bd5 37. Ng4 Rxc1 38. Rxc1 Nc6 39. b4 a6 40. Rc5 b6 41. Rc1 Kg7 42. Ne5 Nxe5 43. dxe5 Rb7 44. Be2 a5 45. b5 a4 46. Ra1 Ra7 47. Re1 Bb3 48. h4 gxh4 49. gxh4 Rc7 50. Ra1 Rc5 51. Bd1 Bxd1 52. Rxd1 Rxb5 53. Rd4 a3 0-1

[Event "Uxbridge op"]
[Site "Uxbridge"]
[Date "2009.09.20"]
[Round "4"]
[White "Tozer, Richard"]
[Black "Tserendorj, Sainbayar"]
[Result "1-0"]
[WhiteElo "2286"]
[BlackElo "2021"]
[PlyCount "133"]
[EventDate "2009.09.18"]
[EventType "swiss"]
[EventRounds "5"]
[EventCountry "ENG"]
[SourceTitle "CBM 132 Extra"]
[Source "ChessBase"]
[SourceDate "2009.11.03"]
[SourceVersion "1"]
[SourceVersionDate "2009.11.03"]
[SourceQuality "1"]

1. d4 Nf6 2. c4 g6 3. Nc3 Bg7 4. e4 d6 5. Be2 c5 6. d5 e6 7. Bg5 h6 8. Bf4 e5 9. Be3 Qa5 10. Qc2 a6 11. Bd2 Qd8 12. h4 Nh5 13. 0-0-0 Nf4 14. Bf1 g5 15. g3 Ng6 16. h5 Nf8 17. Kb1 Nh7 18. f3 Nd7 19. Nh3 0-0 20. Nf2 Nb6 21. Bd3 Bd7 22. Rdg1 Qe7 23. Nfd1 Rfb8 24. Ne3 Nc8 25. a4 Qe8 26. Rh2 Na7 27. Bc1 b5 28. cxb5 axb5 29. axb5 Nxb5 30. Nxb5 Bxb5 31. Bxb5 Qxb5 32. Rd1 Ra4 33. Qc3 c4 34. Kc2 Qa6 35. Kd2 Rb3 36. Qc2 Qb5 37. Ke1 Rab4 38. Qe2 Nf6 39. Rd2 Nd7 40. Rc2 Nc5 41. Kf1 Nd3 42. Bd2 Ra4 43. Bc3 Qc5 44. Qd2 Ra1+ 45. Nd1 f6 46. Kg2 Bf8 47. Rh1 Be7 48. Nf2 Rxh1 49. Kxh1 Qxf2 50. Qxf2 Nxf2+ 51. Rxf2 Kf7 52. Rf1 f5 53. Ra1 Rb7 54. exf5 Kf6 55. f4 Rb5 56. Ra5 Rb7 57. Kg2 Kf7 58. Kf3 Bd8 59. Ra6 Bb6 60. Ke2 Bc5 61. Ra4 Bd4 62. Rxc4 Rb5 63. Bxd4 exd4 64. b4 Rxd5 65. Kd3 Rxf5 66. Rxd4 d5 67. b5 1-0

[Event "Uxbridge A2Bmedialtd.com-B"]
[Site "Uxbridge"]
[Date "2009.08.16"]
[Round "8"]
[White "McNab, Colin Anderson"]
[Black "Tserendorj, Sainbayar"]
[Result "1-0"]
[WhiteElo "2474"]
[BlackElo "2032"]
[PlyCount "97"]
[EventDate "2009.08.12"]
[EventType "tourn"]
[EventRounds "9"]
[EventCountry "ENG"]
[SourceTitle "CBM 131 Extra"]
[Source "ChessBase"]
[SourceDate "2009.09.03"]
[SourceVersion "2"]
[SourceVersionDate "2009.09.16"]
[SourceQuality "1"]

1. c4 g6 2. g3 Bg7 3. Bg2 f5 4. Nc3 Nf6 5. d3 d6 6. e4 fxe4 7. dxe4 Nc6 8. Nge2 Be6 9. b3 Qd7 10. h3 a6 11. Be3 0-0 12. Rc1 Rac8 13. Nf4 Bf7 14. 0-0 e5 15. Nfe2 Be6 16. Kh2 Rf7 17. Qd2 b6 18. Rcd1 Rcf8 19. Nd5 Nh5 20. b4 Qe8 21. a3 Nd8 22. c5 dxc5 23. bxc5 b5 24. Qa5 Bc8 25. Nxc7 Qc6 26. Nd5 Ne6 27. Qb6 Qxb6 28. Nxb6 Nf6 29. Rd6 Nc7 30. Nxc8 Rxc8 31. Nc3 Nfe8 32. Rc6 Rf6 33. Rxf6 Nxf6 34. Nd5 Kf7 35. Rd1 Bf8 36. Nb6 Re8 37. f3 Re6 38. Nd5 Rc6 39. Nb4 Re6 40. h4 a5 41. Nd3 Re7 42. Bh3 Bg7 43. c6 Nfe8 44. Bc5 Na6 45. Bxe7 Kxe7 46. Nc1 Bh6 47. Rd7+ Kf6 48. Nd3 Be3 49. f4 1-0

[Event "Uxbridge A2Bmedialtd.com-B"]
[Site "Uxbridge"]
[Date "2009.08.13"]
[Round "2"]
[White "Arun Prasad, Subramanian"]
[Black "Tserendorj, Sainbayar"]
[Result "1-0"]
[WhiteElo "2556"]
[BlackElo "2032"]
[PlyCount "69"]
[EventDate "2009.08.12"]
[EventType "tourn"]
[EventRounds "9"]
[EventCountry "ENG"]
[SourceTitle "CBM 131 Extra"]
[Source "ChessBase"]
[SourceDate "2009.09.03"]
[SourceVersion "2"]
[SourceVersionDate "2009.09.16"]
[SourceQuality "1"]

1. d4 d6 2. c4 g6 3. Nc3 Bg7 4. g3 c6 5. Bg2 Nd7 6. Nf3 h5 7. h3 Nb6 8. Qd3 d5 9. cxd5 Nxd5 10. 0-0 Ngf6 11. e4 Nb6 12. Rd1 Be6 13. b3 0-0 14. Ng5 Qc8 15. Ba3 Re8 16. Kh2 Nh7 17. Nf3 g5 18. Rac1 g4 19. Ng1 Qd7 20. h4 Rad8 21. Nge2 f6 22. d5 Bf7 23. Qe3 cxd5 24. exd5 Nc8 25. Nd4 Nd6 26. Ne6 Rc8 27. Nc5 Qd8 28. Ne2 Nf8 29. Nd4 Qb6 30. Ne4 Rxc1 31. Rxc1 Ng6 32. Bc5 Qa5 33. Bxd6 exd6 34. Nf5 Re5 35. Rc8+ 1-0

[Event "Uxbridge A2Bmedialtd.com-B"]
[Site "Uxbridge"]
[Date "2009.08.13"]
[Round "3"]
[White "Tserendorj, Sainbayar"]
[Black "Khandelwal, Ankush"]
[Result "0-1"]
[WhiteElo "2032"]
[BlackElo "2160"]
[PlyCount "40"]
[EventDate "2009.08.12"]
[EventType "tourn"]
[EventRounds "9"]
[EventCountry "ENG"]
[SourceTitle "CBM 131 Extra"]
[Source "ChessBase"]
[SourceDate "2009.09.03"]
[SourceVersion "2"]
[SourceVersionDate "2009.09.16"]
[SourceQuality "1"]

1. d4 f5 2. Nf3 Nf6 3. e3 g6 4. Be2 Bg7 5. h4 0-0 6. c3 e6 7. Nbd2 Nc6 8. Nf1 d5 9. N3d2 e5 10. h5 exd4 11. cxd4 g5 12. h6 Bh8 13. Nf3 Ne4 14. Bd2 g4 15. Nh4 f4 16. exf4 Bxd4 17. Be3 Bxb2 18. Bd3 Qe7 19. f5 Bc3+ 20. Ke2 Nd4+ 0-1

[Event "Uxbridge op"]
[Site "Denham"]
[Date "2009.02.22"]
[Round "5"]
[White "Gibson, Christopher A"]
[Black "Tserendorj, Sainbayar"]
[Result "1-0"]
[WhiteElo "1964"]
[BlackElo "2074"]
[PlyCount "73"]
[EventDate "2009.02.20"]
[EventType "swiss"]
[EventRounds "5"]
[EventCountry "ENG"]
[SourceTitle "EXT 2011"]
[Source "ChessBase"]
[SourceDate "2010.11.26"]
[SourceVersion "1"]
[SourceVersionDate "2010.11.26"]
[SourceQuality "1"]

1. d4 d5 2. c4 e6 3. Nc3 c6 4. Nf3 Nf6 5. Bg5 Nbd7 6. e3 Bd6 7. Rc1 0-0 8. Bd3 Re8 9. 0-0 dxc4 10. Bxc4 b5 11. Bd3 Bb7 12. Ne4 Be7 13. Bxf6 gxf6 14. Nc5 Bxc5 15. Rxc5 Nxc5 16. dxc5 Qd5 17. b4 Rad8 18. Nd4 Qg5 19. f4 Qh6 20. Rf3 f5 21. Rh3 Qf6 22. Nf3 h6 23. Ne5 Kf8 24. Qa1 Ke7 25. e4 Rg8 26. exf5 Rd5 27. Re3 Rgd8 28. Qc3 Rd4 29. g3 a6 30. fxe6 fxe6 31. f5 Qg5 32. Ng6+ Kf7 33. fxe6+ Kg8 34. Rf3 Qg4 35. e7 Qxf3 36. exd8Q+ Rxd8 37. Bc4+ 1-0

[Event "Uxbridge op"]
[Site "Denham"]
[Date "2009.02.21"]
[Round "3"]
[White "Aikhoje, Odion"]
[Black "Tserendorj, Sainbayar"]
[Result "1-0"]
[WhiteElo "2260"]
[BlackElo "2074"]
[PlyCount "97"]
[EventDate "2009.02.20"]
[EventType "swiss"]
[EventRounds "5"]
[EventCountry "ENG"]
[SourceTitle "EXT 2011"]
[Source "ChessBase"]
[SourceDate "2010.11.26"]
[SourceVersion "1"]
[SourceVersionDate "2010.11.26"]
[SourceQuality "1"]

1. Nf3 d5 2. d4 Nf6 3. Bg5 c6 4. Bxf6 gxf6 5. e3 Bg4 6. Nbd2 Nd7 7. Be2 e5 8. Nh4 Be6 9. Bg4 Qe7 10. Nf5 Qb4 11. 0-0 0-0-0 12. Nb3 h5 13. c3 Qb6 14. Bh3 Kb8 15. f4 e4 16. Rf2 Qc7 17. Ng3 Bxh3 18. gxh3 Nb6 19. Nd2 Qd7 20. Qf1 Nc8 21. c4 Ne7 22. c5 h4 23. Nh1 Rg8+ 24. Rg2 Qxh3 25. Re1 Bh6 26. Nf2 Qf5 27. Kh1 Ng6 28. Ng4 Bg7 29. h3 Ne7 30. Qf2 Qh7 31. Reg1 Nf5 32. Nf1 Ne7 33. b4 f5 34. Ngh2 Bf6 35. a4 Rxg2 36. Rxg2 Ng6 37. b5 Qh8 38. bxc6 bxc6 39. Qe2 Bxd4 40. Qa6 Bxc5 41. Rc2 Bxe3 42. Nxe3 Rc8 43. Rxc6 Nxf4 44. Qb5+ Ka8 45. Nxd5 Ne6 46. Nb6+ axb6 47. Qa6+ Kb8 48. Qxb6+ Ka8 49. Qa5+ 1-0